| 000 | 00399nam a22001217a 4500 | ||
|---|---|---|---|
| 008 | 230626b xxu||||| |||| 00| 0 eng d | ||
| 020 | _a9982260014 | ||
| 082 |
_a337.07 _bMWE 2001 |
||
| 245 |
_aCOMESA _bImpact of Structural Adjustment Programmes on the Manufacturing Sector and Regional Economic Integration in Eastern and Southern Africa |
||
| 260 |
_bCOMESA _c2001 |
||
| 300 | _a80p | ||
| 942 |
_2ddc _cBK |
||
| 999 |
_c2765 _d2765 |
||